banner koha

Controle da reproducao de leoas (Panthera leo)em cativeiro: implante de contraceptivos de longa duracao (Registro n. 153628)

MARC details
000 -LÍDER
campo de controle de tamanho fixo 00903nas a2200301 4500
001 - NÚMERO DE CONTROLE
campo de controle BR9700103
003 - IDENTIFICADOR DO NÚMERO DE CONTROLE
campo de controle BR-BrBNA
005 - DATA E HORÁRIO DA ÚLTIMA TRANSAÇÃO
campo de controle 20231205095942.0
007 - CAMPO FIXO DE DESCRIÇÃO FÍSICA--INFORMAÇÃO GERAL
campo de controle de tamanho fixo ta
008 - CAMPO DE DADOS FIXOS--INFORMAÇÃO GERAL
campo de controle de tamanho fixo 230509b bl.|||p| |||| 00| 00por d
040 ## - FONTE DA CATALOGAÇÃO
Instituição da catalogação original BR-BrBNA
Idioma da catalogação por
Instituição que transcreveu o registro Biblioteca Nacional de Agricultura
041 ## - CÓDIGO DE IDIOMA
Código do idioma do texto/trilha sonora ou título diferente (Pt)
072 ## - CÓDIGO DE CATEGORIA DE ASSUNTO
Código de Categoria de Assunto L53
100 1# - ENTRADA PRINCIPAL--NOME PESSOAL
Nome pessoal Diniz, L.S.M.
100 1# - ENTRADA PRINCIPAL--NOME PESSOAL
Nome pessoal Holzchuh, M.P.
100 1# - ENTRADA PRINCIPAL--NOME PESSOAL
Nome pessoal Barnabe, V.
100 1# - ENTRADA PRINCIPAL--NOME PESSOAL
Nome pessoal Oliveira, C.A.
100 1# - ENTRADA PRINCIPAL--NOME PESSOAL
Nome pessoal Costa, E.O.
245 1# - TÍTULO
Título Controle da reproducao de leoas (Panthera leo)em cativeiro: implante de contraceptivos de longa duracao
650 ## - ASSUNTO--TERMO TÓPICO
Cabeçalho tópico ou nome geográfico Fauna
650 ## - ASSUNTO--TERMO TÓPICO
Cabeçalho tópico ou nome geográfico Animal Selvagem
650 ## - ASSUNTO--TERMO TÓPICO
Cabeçalho tópico ou nome geográfico Ciclo Estral
650 ## - ASSUNTO--TERMO TÓPICO
Cabeçalho tópico ou nome geográfico Sincronizacao do Cio
650 ## - ASSUNTO--TERMO TÓPICO
Cabeçalho tópico ou nome geográfico Anticoncepcional
773 0# - ENTRADA ANALÍTICA
Título Hora Veterinaria (Brazil)
ISSN - International Standard Serial Number ISSN 0101-9163
Partes relacionadas (Nov-Dec 1996), v. 16(94) p. 60-64
Número de controle do registro BR9700103
909 ## -
-- 202311
-- Lúcia
-- 55
-- Lúcia Elande
942 ## - ELEMENTOS DE ENTRADA ADICIONADOS (KOHA)
Fonte da classificação ou esquema de arquivamento na estante Classificação AGRIS
Ocultar no OPAC Não
Tipo de material Koha Analítica
Exemplares
Situação do descarte Fonte da classificação ou esquema de arquivamento na estante Situação física Não pode ser emprestado Biblioteca de origem Biblioteca atual Localização na estante Enumeração do periódico / cronologia Total de empréstimos Data de último acesso Número do exemplar Tipo de material Koha Fonte de aquisição
  Classificação AGRIS   Consulta local Biblioteca Nacional de Agricultura - Binagri Biblioteca Nacional de Agricultura - Binagri   (Nov-Dec 1996), v. 16(94) p. 60-64   29/11/2023 01 Periódicos Portaria Interministerial nº 164/94

BINAGRI

Telefone: (61)3218-2567/2388/3357/2097 - binagri@agro.gov.br

Ministério da Agricultura e Pecuária , Esplanada dos Ministérios, Bloco D, Anexo B, Brasília/DF, CEP: 70.043-900